000 01132 a2200253 4500
003 OSt
005 20180116192326.0
008 120229t xxu||||| |||| 00| 0 eng d
010 _a 99051585
020 _a0419209700 (pbk.)
040 _c0
082 0 0 _a720.47
100 1 _aHyde, Richard,
_9260
245 1 0 _aClimate responsive design :
_ba study of buildings in moderate and hot humid climates /
_cRichard Hyde.
260 _aLondon ;
_aNew York :
_bE & FN Spon,
_c2000.
300 _a244 p. :
_bill. ;
_c25 cm.
505 _aAcknowledgements -- Part.1. Design issues -- introduction -- warm climates and the building context -- Climate responsive design -- Part 2. Strategies -- Building structure -- The building \process -- the roof -- The external Wall -- Floors and internal walls -- The veranda -- Courtyards -- Index.
650 0 _aArchitecture and climate.
_9261
650 0 _aArchitecture, Tropical.
_9262
650 0 _aArchitecture
_zAustralia
_9263
650 0 _aArchitecture
_zSoutheast Asia
_9264
942 _aSADA
_cBK
_k720.47 HYD 2000
_2ddc
999 _c352207
_d352207